| 000 | 00882 a2200229 4500 | ||
|---|---|---|---|
| 001 | 59953 | ||
| 005 | 20260407155852.0 | ||
| 008 | 260407a2006 arg spa d | ||
| 003 | AR-UNSa-BCEJYS | ||
| 040 |
_aAR-UNSa-BCEJYS _bspa _cAR-UNSa-BCEJYS |
||
| 080 |
_a349.6 _xDerecho de protección del medio ambiente |
||
| 245 | 1 | 0 |
_aGobernanza del agua en América de Sur _pdimensión ambiental |
| 020 | _a978-2-8317-0814-0 | ||
| 264 | 1 |
_aGland : _bUICN _c2006 |
|
| 300 |
_axiii, 461 p. _c24 cm. |
||
| 505 | _a1. El contexto global – 2. Argentina – 3. Bolivia – 4. Brasil – 5. Colombia – 6. Chile – 7. Ecuador – 8. Paraguay – 9. Perú – 10. Uruguay – 11. Venezuela – 12. Recomendaciones del foro de expertos - | ||
| 041 | _aspa | ||
| 942 | _cBK | ||
| 590 | _aniveau_biblio:m niveau_hierar:0 | ||
| 100 | 1 | _aIza, Alejandro Omar | |
| 700 | 1 | _aRovere, Marta Brunilda | |
| 999 |
_c6849 _d6849 |
||